Olivier Giroud quiz - Statistics

General Stats
  • This quiz has been taken 8 times
  • The average score is 8 of 20
Answer Stats
Hint Answer % Correct
How many goals did Giroud score in the 2022 World Cup 4
100%
How many goals did Giroud score in the 2018 World Cup 0
88%
Giroud was voted Arsenal’s Player of the Month how many times 7
88%
Which club did Giroud play for before joining Arsenal Montpellier
75%
How many goals did Giroud score for AC Milan in his debut season 14
63%
What year did Giroud surpass Thierry Henry’s France goal record 2022
63%
At which French club did Giroud make his professional debut Grenoble
50%
Which Arsenal midfielder assisted Giroud the most Mesut Özil
50%
Who assisted Giroud's scorpion kick goal in 2017 against Crystal Palace Alexis Sánchez
38%
Which French club did Giroud play for before Montpellier Tours FC
38%
How many goals did Giroud score in the Premier League overall 90
25%
What is Giroud’s middle name Jonathan
25%
Who coached France when Giroud scored his first international goal Laurent Blanc
25%
Which manager signed Giroud for Chelsea Antonio Conte
13%
Which manager gave Giroud his first Champions League appearance Arsène Wenger
13%
Against which team did Giroud score his first Arsenal hat-trick Aston Villa
13%
Giroud scored his first ever Serie A goal against which team Cagliari
13%
Giroud scored his first Arsenal goal in a competitive match against which team Coventry City
13%
What car brand did Giroud model for in French advertising Hyundai
13%
Who provided the assist for Giroud’s first Premier League goal Lukas Podolski
13%
No matching quizzes found
Score Distribution
Percent of People with Each Score
Percentile by Number Answered
Your Score History
You have not taken this quiz